Cementation Piling and Foundations Ltd v Aegon Insurance Company Ltd and another (Record no. 25843)
[ view plain ]
| 000 -LEADER | |
|---|---|
| fixed length control field | 01360cab a2200241 4500 |
| 001 - CONTROL NUMBER | |
| control field | ABS51696 |
| 008 - FIXED-LENGTH DATA ELEMENTS--GENERAL INFORMATION | |
| fixed length control field | 090401t1994 xxu||||| |||| 00| 0 eng d |
| 035 ## - SYSTEM CONTROL NUMBER | |
| System control number | (Sirsi) u40336 |
| 041 ## - LANGUAGE CODE | |
| Language code of text/sound track or separate title | eng |
| 245 ## - TITLE STATEMENT | |
| Title | Cementation Piling and Foundations Ltd v Aegon Insurance Company Ltd and another |
| 260 ## - PUBLICATION, DISTRIBUTION, ETC. | |
| Date of publication, distribution, etc. | 1994 |
| 350 ## - PRICE (NR) (BK AM CF MU VM SE) [OBSOLETE] | |
| Price | 0 |
| 490 ## - SERIES STATEMENT | |
| Series statement | Construction Law Journal |
| Volume/sequential designation | (1994) 10 CLJ 301-311(11) |
| 520 ## - SUMMARY, ETC. | |
| Summary, etc. | HC 12 November 1992. In 1983 C was engaged as subcontractor to Sir Alfred McAlpine and Son Ltd to carry out certain piling works and to construct diaphragm walls at the submarine base at Barrow-in-Furness. The diaphragm walls were constructed by excavating cavaties in the sand. By 1985 it was discovered there were gaps in the walls allowing sand to escape and thus required rectification. It was admitted that the cause was due to design, materials or workmanship. A dispute arose as to whether costs of repair fell under the policy issued by the second defendant, Commercial Union, or that of the first, A. Held that the CU were liable to pay the costs. |
| 650 ## - SUBJECT ADDED ENTRY--TOPICAL TERM | |
| Topical term or geographic name entry element | CEMENTATION PILING & FOUNDATIONS LTD V AEGON INSURANCE |
| 650 ## - SUBJECT ADDED ENTRY--TOPICAL TERM | |
| Topical term or geographic name entry element | DIAPHRAGM WALLS |
| 650 ## - SUBJECT ADDED ENTRY--TOPICAL TERM | |
| Topical term or geographic name entry element | PILING |
| 650 ## - SUBJECT ADDED ENTRY--TOPICAL TERM | |
| Topical term or geographic name entry element | SIR ALFRED MCALPINE AND SONS LTD |
| 650 ## - SUBJECT ADDED ENTRY--TOPICAL TERM | |
| Topical term or geographic name entry element | SUBMARINE BASES |
| 690 ## - LOCAL SUBJECT ADDED ENTRY--TOPICAL TERM (OCLC, RLIN) | |
| Topical term or geographic name as entry element | BUILDING AND CONSTRUCTION-CASE LAW |
| 942 ## - ADDED ENTRY ELEMENTS (KOHA) | |
| Suppress in OPAC | 0 |
| 948 ## - LOCAL PROCESSING INFORMATION (OCLC); SERIES PART DESIGNATOR (RLIN) | |
| c (OCLC) | 04/03/1997 |
| Withdrawn status | Lost status | Source of classification or shelving scheme | Damaged status | Not for loan | Home library | Current library | Shelving location | Date acquired | Total Checkouts | Full call number | Barcode | Date last seen | Copy number | Price effective from | Koha item type |
|---|---|---|---|---|---|---|---|---|---|---|---|---|---|---|---|
| Dewey Decimal Classification | London | London | Journal article | 14/09/1999 | ABS51696 | 40336-1001 | 06/08/2019 | 1 | 06/08/2019 | Law report |